<?xml version="1.0" encoding="UTF-8"?>
<record
    xmlns:xsi="http://www.w3.org/2001/XMLSchema-instance"
    xsi:schemaLocation="http://www.loc.gov/MARC21/slim http://www.loc.gov/standards/marcxml/schema/MARC21slim.xsd"
    xmlns="http://www.loc.gov/MARC21/slim">

  <leader>02164nam a22002417a 4500</leader>
  <controlfield tag="005">20250424124347.0</controlfield>
  <controlfield tag="008">250422b        |||||||| |||| 00| 0 eng d</controlfield>
  <datafield tag="020" ind1=" " ind2=" ">
    <subfield code="a">9788119896592</subfield>
  </datafield>
  <datafield tag="040" ind1=" " ind2=" ">
    <subfield code="c">AIMIT LIBRARY</subfield>
  </datafield>
  <datafield tag="082" ind1=" " ind2=" ">
    <subfield code="2">5</subfield>
    <subfield code="a">153.94</subfield>
    <subfield code="b">BHAA</subfield>
  </datafield>
  <datafield tag="100" ind1=" " ind2=" ">
    <subfield code="a">Bhardwaj, A P.</subfield>
    <subfield code="9">208659</subfield>
  </datafield>
  <datafield tag="245" ind1=" " ind2=" ">
    <subfield code="a">Legal aptitude workbook for : </subfield>
    <subfield code="b">CLAT SLAT. BLAT,AILET, MAH (CLET), PU, DU, IPU, UPES and AIL law entrance examinations 2024-25 /</subfield>
    <subfield code="c">By A P Bhardwaj.</subfield>
  </datafield>
  <datafield tag="250" ind1=" " ind2=" ">
    <subfield code="a">5th ed.</subfield>
  </datafield>
  <datafield tag="260" ind1=" " ind2=" ">
    <subfield code="a">Chennai :</subfield>
    <subfield code="b">Pearson Education ,</subfield>
    <subfield code="c">2024.</subfield>
  </datafield>
  <datafield tag="300" ind1=" " ind2=" ">
    <subfield code="a">xvi,5.41p.;</subfield>
    <subfield code="b">PB</subfield>
    <subfield code="c">26.3 cm.</subfield>
  </datafield>
  <datafield tag="500" ind1=" " ind2=" ">
    <subfield code="a">
Section A: Legal Awareness &#x2013; 1. Legal G.K.&#x2014;An Introduction Updated with New Criminal Laws, 2023 BNS, BNSS, BSA, 2023, 2. Jurisprudence &#x2013; Understanding Law, Its Growth, Sources &amp; Functions, 3. Legal Lexicon Practice Exercise, 4. Constitutional Law (Set: I), 5. Constitutional Law (Set: II), 6. Public International Law, 7. Legal Awareness, Section B: Legal Reasoning &#x2013; 8. Civil Law, 9. Criminal Law Based on 1860, 10. Law of Torts, 11. Criminal Law Based on BNS 2023, Section C: Legal Aptitude/Legal Reasoning Questions of CLAT and AILET Section D: Previous Years&#x2019; Papers DU (LAW) Section E: Previous Years&#x2018; Paper PU B. A./B. Com LLB</subfield>
  </datafield>
  <datafield tag="505" ind1=" " ind2=" ">
    <subfield code="r">
A P Bhardwaj is a trainer -cum &#x2013; author of # 1 National Bestsellers for 17 years for CLAT/SLAT/AILET, PU, DU &amp; OTHER LAW ENTRANCES. He trains and tutors hundreds of students every year and enables them to enter prestigious law colleges and universities. His best-selling quality content books vindicates his credentials and credibility. He is also the author of Best-selling English books for IAS &amp; states&#x2019; civil, judicial &amp; allied services examinations. He has authored more than a dozen books with nationally and internationally acclaimed publishers. He hails from SAMRALA, (LUDHIANA), PUNJAB and is presently settled at Chandigarh for the last 35 years.
</subfield>
  </datafield>
  <datafield tag="650" ind1=" " ind2=" ">
    <subfield code="2">Important definitions based on new criminal laws</subfield>
  </datafield>
  <datafield tag="650" ind1=" " ind2=" ">
    <subfield code="a">Legal principles of criminal law</subfield>
    <subfield code="9">208660</subfield>
  </datafield>
  <datafield tag="650" ind1=" " ind2=" ">
    <subfield code="a">Comptroller and auditor general motion</subfield>
    <subfield code="9">208661</subfield>
  </datafield>
  <datafield tag="650" ind1=" " ind2=" ">
    <subfield code="a">Legal reasoning</subfield>
    <subfield code="9">208662</subfield>
  </datafield>
  <datafield tag="942" ind1=" " ind2=" ">
    <subfield code="2">ddc</subfield>
    <subfield code="c">BK</subfield>
    <subfield code="e">5th</subfield>
    <subfield code="k">153.94 BHAA</subfield>
  </datafield>
  <datafield tag="999" ind1=" " ind2=" ">
    <subfield code="c">234211</subfield>
    <subfield code="d">234211</subfield>
  </datafield>
  <datafield tag="952" ind1=" " ind2=" ">
    <subfield code="0">0</subfield>
    <subfield code="1">0</subfield>
    <subfield code="2">ddc</subfield>
    <subfield code="4">0</subfield>
    <subfield code="7">0</subfield>
    <subfield code="8">MBA</subfield>
    <subfield code="a">AIMIT</subfield>
    <subfield code="b">AIMIT</subfield>
    <subfield code="c">BL</subfield>
    <subfield code="d">2025-03-11</subfield>
    <subfield code="e">Biblios Book Point</subfield>
    <subfield code="g">620.00</subfield>
    <subfield code="i">Bill.no:7466; Bill.dt:2025/03/11</subfield>
    <subfield code="l">0</subfield>
    <subfield code="o">153.94 BHAA</subfield>
    <subfield code="p">MBA14910</subfield>
    <subfield code="r">2025-07-21 00:00:00</subfield>
    <subfield code="w">2025-04-22</subfield>
    <subfield code="y">BK</subfield>
  </datafield>
  <datafield tag="952" ind1=" " ind2=" ">
    <subfield code="0">0</subfield>
    <subfield code="1">0</subfield>
    <subfield code="2">ddc</subfield>
    <subfield code="4">0</subfield>
    <subfield code="7">0</subfield>
    <subfield code="8">MBA</subfield>
    <subfield code="a">AIMIT</subfield>
    <subfield code="b">AIMIT</subfield>
    <subfield code="c">BL</subfield>
    <subfield code="d">2025-03-11</subfield>
    <subfield code="e">Biblios Book Point</subfield>
    <subfield code="g">620.00</subfield>
    <subfield code="i">Bill.no:7466; Bill.dt:2025/03/11</subfield>
    <subfield code="l">0</subfield>
    <subfield code="o">153.94 BHAA</subfield>
    <subfield code="p">MBA14911</subfield>
    <subfield code="r">2025-07-21 00:00:00</subfield>
    <subfield code="w">2025-04-22</subfield>
    <subfield code="y">BK</subfield>
  </datafield>
</record>
